Geometry Dash Lite Levels - Statistics

General Stats
  • This quiz has been taken 26 times
  • The average score is 11 of 15
Answer Stats
Level Answer % Correct
7 Jumper
100%
2 Back on Track
95%
1 Stereo Madness
95%
8 Time Machine
89%
4 Dry Out
79%
5 Base After Base
74%
6 Can't Let Go
74%
11 Clutterfunk
74%
3 Polargeist
74%
9 Cycles
68%
12 Theory of Everything
68%
14 Clubstep
53%
15 Electrodynamix
53%
13 Electroman Adventures
53%
10 xSteps
11%
No matching quizzes found
Score Distribution
Percent of People with Each Score
Percentile by Number Answered
Your Score History
You have not taken this quiz